000 01067nam a2200229Ia 4500
999 _c55833
_d55833
001 22930
003 GE_BSU
005 20230601170728.0
008 181216s ||||ge |||||||||||||| ||geo||
040 _cGE_BSU
041 _ageo
080 _a821.353.1(072) თ-77
100 _aთოფურია, აკაკი
_918401
245 _aქართული ლიტერატურის სწავლების მეთოდიკა :
_b(ზოგადი საფუძვლები) /
_cაკაკი თოფურია ; რედ. მ. გიორგობიანი.
264 _aთბილისი :
_bთბილ. უნ-ტის გამ-ბა,
_c1991.
300 _a448 გვ. ;
_c20 სმ.
541 _h20ლ.
653 _aქართული ლიტერატურა
653 _aქართული ლიტერატურის სწავლების მეთოდიკა
700 _aგიორგობიანი, მ.
_eრედაქტორი
_918402
942 _cBK
_2udc